1826 1325 1609 1703 1260 1020 1646 1430 1117 1028 1631 1908 1784 1428 1852 1678 1690 1903 1986 1693 1073 1918 1976 1224 1871 1143 1199 1730 1176 1683 1835 1705 1364 1823 1211 1595 1228 1004 1861 1298 1481 1232 1491 1663 1120 1695 1707 1479 1005 1420 1817 1502 1528 1250 1735 1119 1989 1896 1314 1146 1905 1389 1240 1683 1170 1463 1117 1033 1472 1033 1831 1421 1504 1299 1876 1251 1286 1393 1510 1773 1178 1668 1200 1942 1985 1879 1127 1634 1618 1448 1378 1274 1341 1191 1743 1531 1198 1217 1900 BCNSPRNW ULIB Ver.6.0+V

เปลี่ยนเป็นภาษาไทย

Change to English
 แสดงรายละเอียดบรรณานุกรม
  กลับหน้าหลัก

Brief Record : Get Marc (ISO 2709) : E-mail record : QR code < ปิดหน้าต่าง
LEADER : 00000nam 2200000uu 4500
001    13399124711
003     ULIB
008    160121s2544||||th 000 0 tha d
099 00 ^a วพ.W 4 ^bพ253ผ
100 0  ^aเพ็ญจิตร์ ธนเจริญพิพัฒน์
245 10 ^aผลของการจัดท่านอนต่อระยะเวลาการหลับของทารกเกิดก่อนกำหนด / ^cเพ็ญจิตร์ ธนเจริญพิพัฒน์
260    ^aเชียงใหม่ :^bบัณฑิตวิทยาลัย มหาวิทยาลัยเชียงใหม่,^c2544
300    ^aญ, 62 แผ่น :^bตาราง
502    ^aวิทยานิพนธ์ (พยาบาลศาสตรมหาบัณฑิต (สาขาวิชาการพยาบาลกุมารเวชศาสตร์)) -- มหาวิทยาลัยเชียงใหม่
504    ^aบรรณานุกรม: แผ่น 49-54
610 27 ^aโรงพยาบาลสวรรค์ประชารักษ์
650  2 ^aDissertations, academic^xnursing
650  2 ^aSleep
650  2 ^aInfant, premature
650  7 ^aทารกคลอดก่อนกำหนด^xการดูแล^zนครสวรรค์
650  7 ^aการนอนหลับ
710 2  ^aมหาวิทยาลัยเชียงใหม่.^bบัณฑิตวิทยาลัย
945    ^p0^l0^i000261
999    ^aเกษร โพธิ์สุวรรณ
รายการนี้ยังไม่มีแท็ก
คุณยังไม่ได้ล็อกอิน คุณสามารถมีกิจกรรมร่วมกับเว็บไซต์ได้ แต่ต้องล็อกอินก่อน ::
  ล็อกอิน

รายการสื่อสารสนเทศ

ลำดับที่ ประเภท เลขเรียก/บาร์โค้ด สถานที่ สถานะ
1. วิทยานิพนธ์
วิทยานิพนธ์
วพ.W 4 พ253ผ ฉ.1 
  Barcode: 000261
ห้องสมุดวิทยาเขตสวรรค์ประชารักษ์
► วิทยานิพนธ์
บนชั้น

รายการใกล้เคียง
    หัวเรื่อง [Sleep]
    หัวเรื่อง [Infant, premature]
    หัวเรื่อง [การนอนหลับ]

BibComment


ยังไม่เคยถูกคอมเมนท์

คอมเมนท์ทรัพยากรรายการนี้
  คอมเมนท์: ผลของการจัดท่านอ..


 Copyright 2026. Bcnsprnw @Library